|
|
|
|
| LEADER |
00000nam a2200000 a 4500 |
| 001 |
vtls001091038 |
| 003 |
SK-MaSNL |
| 005 |
20260301153349.0 |
| 008 |
250414s1983 xo 0 slo |
| 015 |
|
|
|a SNBA1983/04
|
| 035 |
|
|
|a SNK000033880
|
| 040 |
|
|
|a SNK
|b slo
|c SNK
|e AACR2
|
| 041 |
0 |
|
|a slo
|
| 044 |
|
|
|a xo
|c SK
|
| 080 |
|
|
|a 636.5.08(035)
|2 1981
|
| 100 |
1 |
|
|a Hlasný, Andrej
|4 aut
|9 449099
|
| 245 |
1 |
0 |
|a Technologicko-chovateľské postupy odchovu, chovu, výkrmu a liahnutia hydiny
|c Andrej Hlasný ; Anton Benčík, Štefan Kočí, Michal Lépeš, Rudolf Majna, Joachim Miček, Ján Saulič, Oldřich Švestka, Teodor Žatko
|
| 250 |
|
|
|a 1. vyd.
|
| 260 |
|
|
|a Bratislava
|b Príroda
|a S.l.
|b MPVž SSR v Bratislave [vyd.]
|c 1983
|e Nitra
|f Nitrianske tlačiarne
|
| 300 |
|
|
|a 216 s., 8,79 AH
|b Tb. Fot.
|c 21 cm
|
| 366 |
|
|
|e 2500 výtl.
|
| 490 |
0 |
|
|a Edícia Ministerstva poľnohospodárstva a výživy SSR
|
| 500 |
|
|
|a Lit. 7. Prehľad techn. noriem. Nepredajné. 7 zázn. v slov. a češ.
|
| 700 |
1 |
|
|a Benčík, Anton
|4 aut
|9 278640
|
| 700 |
1 |
|
|a Kočí, Štefan
|4 aut
|9 279672
|
| 700 |
1 |
|
|a Lépeš, Michal
|4 aut
|9 514863
|
| 700 |
1 |
|
|a Majna, Rudolf
|4 aut
|9 514864
|
| 700 |
1 |
|
|a Miček, Joachim,
|d 1927-
|4 aut
|9 39018
|
| 700 |
1 |
|
|a Saulič, Ján
|4 aut
|9 278645
|
| 700 |
1 |
|
|a Švestka, Oldřich,
|d 1937-
|4 aut
|9 192540
|
| 700 |
1 |
|
|a Žatko, Teodor
|4 aut
|9 278646
|
| 852 |
|
|
|a Slovenská národná knižnica
|
| 958 |
|
|
|a OND
|
| 958 |
|
|
|a NB
|
| 958 |
|
|
|a TL
|
| 999 |
|
|
|c 792621
|d 794551
|
| 952 |
|
|
|t P60, <04>, [BOOK], {604}
|a SNK
|b SNK
|y VYP
|7 0
|p 17A0294805
|o snkSC 57873 D1
|0 0
|1 0
|4 0
|d 2001-03-23
|l 0
|r 2004-12-31 00:00:00
|w 2026-02-24
|
| 952 |
|
|
|a SNK
|b SNK
|y PREZ
|7 0
|p 17A0801214
|o snkSC 57873
|0 0
|1 0
|4 0
|d 2012-08-15
|l 0
|r 2025-06-03 00:00:00
|w 2026-02-24
|